| 000 | 01219cam a2200301 a 4500 | ||
|---|---|---|---|
| 001 | 17153860 | ||
| 005 | 20170320151414.0 | ||
| 008 | 120208t2013 njub frbe 001 0 eng d | ||
| 010 | _a 2012003118 | ||
| 020 | _a9780691134840 (hardcover : alk. paper) | ||
| 040 |
_aDLC _beng _cDLC _dDLC _dEG-ScBUE |
||
| 043 |
_af------ _aa------ |
||
| 082 | 0 | 4 |
_a320.55703 _bPRI _222 |
| 245 | 0 | 4 |
_aThe Princeton encyclopedia of Islamic political thought / _ceditor, Gerhard Bowering ; associate editors, Patricia Crone ... [et al.] ; assistant editor, Mahan Mirza. |
| 246 | 3 | 0 | _aEncyclopedia of Islamic political thought |
| 260 |
_aPrinceton : _bPrinceton University Press, _cc.2013. |
||
| 300 |
_axliv, 656 p. : _bmaps ; _c26 cm. |
||
| 504 | _aIncludes bibliographical references and index. | ||
| 650 | 7 |
_aPolitical science _zIslamic countries _vEncyclopedias. _2BUEsh |
|
| 650 | 7 |
_aPolitical science _zIslamic Empire _vEncyclopedias. _2BUEsh |
|
| 650 | 7 |
_aIslam and politics _vEncyclopedias. _2BUEsh |
|
| 651 | _2BUEsh | ||
| 653 |
_bBUSBOL _cMarch2017 |
||
| 700 | 1 |
_aBowering, Gerhard, _d1939- _eeditor. |
|
| 700 | 1 |
_aCrone, Patricia, _d1945-2015, _eassociate editor. |
|
| 700 | 1 |
_aMirza, Mahan, _eassistant editor. |
|
| 942 | _2ddc | ||
| 999 |
_c24492 _d24464 |
||